000 00427nam a2200181Ia 4500
001 16669
005 20260306170326.0
008 260306t2016||||xx |||||||||||||| ||und||
041 _aESP
082 _a349.1
_bE84
100 _aEspitia Garzón, Fabio
_eAUT
245 0 _aHistoria del derecho romano
260 _c2016
300 _a908 páginas :
_c24 cm.
650 _aGEN
654 _aCDE
942 _cLIB
_dJUS
_fJUS
_2ddc
_n
999 _c16669
_d16669